000 00919nam a22002537a 4500
003 OSt
005 20160531151859.0
008 131002t xxu||||| |||| 00| 0 eng d
020 _a9746801295
050 _aHM 221
_b.C976 1998
082 _aGLT 375.02
_bUn3 1998
100 _aMoore, Nick.
_922709
110 _aUnesco Principal Regional Office for Asia and the Pacific;
_922690
245 _aA curriculum for an information society :
_beducating and training information professionals in the Asia-Pacific region. Bangkok, UNESCO PROAP, 1998 /
260 _aThailand :
_bInformation and Informatics Unit,
_c1998
300 _a97 p. :
_bill. ;
_c28 cm.
650 _a Information Science Education
_922710
650 _aInformation/Library Profession
_922711
650 _aInformation Society
_910274
650 _aCurriculum
_92623
700 _aHenninger, Maureen.
_922712
942 _2lcc
_cBK
999 _c12620
_d12620